[Event "HUN-ch U14 Girls"]
[Site "Balatonlelle"]
[Date "2009.06.28"]
[Round "2"]
[White "Toth, Timea"]
[Black "Juhasz, Barbara"]
[Result "0-1"]
[WhiteElo "1964"]
[BlackElo "1810"]
[PlyCount "98"]
[EventDate "2009.06.27"]
[EventType "swiss"]
[EventRounds "9"]
[EventCountry "HUN"]
[SourceTitle "EXT 2011"]
[Source "ChessBase"]
[SourceDate "2010.11.26"]
[SourceVersion "1"]
[SourceVersionDate "2010.11.26"]
[SourceQuality "1"]

1. e4 c5 2. Nf3 e6 3. d4 cxd4 4. Nxd4 a6 5. Nc3 Qc7 6. Bd3 Nf6 7. 0-0 b5 8. a3 Bb7 9. Re1 d6 10. h3 Be7 11. Bd2 0-0 12. Nf3 Nbd7 13. Bg5 Rfe8 14. Bh4 Rac8 15. Qd2 g6 16. Re3 Bf8 17. Qe1 Bg7 18. Nd2 Nh5 19. Be2 Nf4 20. Bg3 Nxe2+ 21. Qxe2 Qb6 22. Nb3 Ne5 23. Bxe5 Bxe5 24. Rd1 Rc7 25. Red3 a5 26. Rb1 a4 27. Nd2 Rec8 28. Qf3 Qa5 29. Rc1 Bxc3 30. bxc3 Rxc3 31. Rxc3 Qxc3 32. Qxc3 Rxc3 33. Kf1 Rxa3 34. f3 Rc3 35. Ke2 Ba6 36. Kd1 Kg7 37. Rb1 a3 38. Nb3 b4 39. Na1 Bf1 40. Rxb4 Bxg2 41. Kd2 Rxf3 42. Rd4 d5 43. exd5 exd5 44. Rd3 Rxh3 45. Rxh3 Bxh3 46. Kc3 Bf1 47. Kb3 Bc4+ 48. Kxa3 h5 49. c3 h4 0-1

[Event "HUN-chT2 Breyer 0304"]
[Site "Hungary"]
[Date "2004.03.21"]
[Round "9"]
[White "Toth, Timea"]
[Black "Dudas, Eszter"]
[Result "0-1"]
[WhiteElo "1992"]
[BlackElo "1872"]
[PlyCount "66"]
[EventDate "2003.09.28"]
[EventType "team"]
[EventRounds "11"]
[EventCountry "HUN"]
[SourceTitle "EXT 2009"]
[Source "ChessBase"]
[SourceDate "2008.11.26"]
[SourceVersion "1"]
[SourceVersionDate "2008.11.26"]
[SourceQuality "1"]
[WhiteTeam "Zoltek"]
[BlackTeam "MAV Elore"]
[WhiteTeamCountry "HUN"]
[BlackTeamCountry "HUN"]

1. e4 e5 2. Nc3 Nf6 3. f4 d5 4. fxe5 Nxe4 5. d3 Nxc3 6. bxc3 d4 7. Nf3 c5 8. g3 Nc6 9. Bg2 Be7 10. 0-0 0-0 11. Qe1 Be6 12. c4 Qd7 13. Ng5 Bxg5 14. Bxg5 Nb4 15. Qc1 h6 16. Bf4 Bh3 17. Bxh3 Qxh3 18. a3 Nc6 19. Rb1 b6 20. Re1 Rfe8 21. Re4 Qf5 22. Qe1 g5 23. Bd2 Nxe5 24. Kg2 Kf8 25. Qe2 Nxc4 26. Re1 Rxe4 27. dxe4 Qe6 28. Bc1 Re8 29. Qf3 Nd6 30. e5 Nc4 31. Qh5 Nxe5 32. h4 Qc6+ 33. Kf1 Qh1+ 0-1

[Event "HUN-chT2 Breyer 0203"]
[Site "Hungary"]
[Date "2003.01.19"]
[Round "5"]
[White "Farkas, Laszlo"]
[Black "Toth, Timea"]
[Result "1-0"]
[WhiteElo "2147"]
[BlackElo "1972"]
[PlyCount "127"]
[EventDate "2002.09.22"]
[EventType "team"]
[EventRounds "11"]
[EventCountry "HUN"]
[SourceTitle "EXT 2009"]
[Source "ChessBase"]
[SourceDate "2008.11.26"]
[SourceVersion "1"]
[SourceVersionDate "2008.11.26"]
[SourceQuality "1"]

1. d4 d5 2. c4 c6 3. Nf3 Nf6 4. Nc3 e6 5. Bg5 Nbd7 6. e3 Be7 7. Qc2 0-0 8. Bd3 dxc4 9. Bxc4 b5 10. Bd3 a6 11. Ne4 Qa5+ 12. Nfd2 Nxe4 13. Bxe7 Qxd2+ 14. Qxd2 Nxd2 15. Bxf8 Kxf8 16. Kxd2 h6 17. Rac1 Bb7 18. Be4 Rc8 19. Rc2 Nf6 20. Bf3 Ke7 21. Rhc1 Kd7 22. a3 Nd5 23. e4 Nb6 24. b3 a5 25. Be2 Kd6 26. Ke3 Kd7 27. h4 Ra8 28. f4 Rc8 29. g3 Kd6 30. Bf1 Kd7 31. h5 Ke7 32. Rc5 Nd7 33. R5c3 Nb6 34. g4 f6 35. Be2 f5 36. gxf5 exf5 37. Rg1 Kf7 38. Rc5 fxe4 39. Rg6 Nd5+ 40. Kxe4 Re8+ 41. Kf3 Re3+ 42. Kf2 Rxe2+ 43. Kxe2 Nxf4+ 44. Kf3 Nxg6 45. hxg6+ Kxg6 46. d5 cxd5 47. Rxb5 Bc8 48. Rxa5 h5 49. Kf4 Kf6 50. Rxd5 h4 51. Rd6+ Kf7 52. a4 h3 53. Rd2 Ba6 54. Kg3 Bc8 55. b4 g5 56. b5 Ke7 57. Rc2 Bd7 58. Rc7 g4 59. b6 Kd8 60. a5 Bc8 61. Ra7 Bd7 62. a6 Bc6 63. Rg7 Kc8 64. Rc7+ 1-0

[Event "Gyongyos Matra op 25th"]
[Site "Gyongyos"]
[Date "2002.07.31"]
[Round "8.22"]
[White "Toth, Timea"]
[Black "Monus, Zoltan"]
[Result "0-1"]
[WhiteElo "2020"]
[BlackElo "2152"]
[PlyCount "50"]
[EventDate "2002.08.04"]
[EventType "swiss"]
[EventRounds "9"]
[EventCountry "HUN"]
[SourceTitle "EXT 2004"]
[Source "ChessBase"]
[SourceDate "2003.11.25"]
[SourceVersion "1"]
[SourceVersionDate "2003.11.25"]
[SourceQuality "1"]

1. e4 c6 2. d4 d5 3. f3 e6 4. Nc3 Nf6 5. Be3 Bb4 6. Qd3 b6 7. Bd2 Ba6 8. Qe3 Bxf1 9. Kxf1 0-0 10. Nge2 c5 11. Re1 Nc6 12. Qd3 cxd4 13. Nb1 dxe4 14. fxe4 Bxd2 15. Nxd2 Ng4 16. Nf3 e5 17. a3 Rc8 18. Ng3 Na5 19. Re2 Nc4 20. Qb3 Qf6 21. h3 Nge3+ 22. Kf2 Qf4 23. Rb1 Rc6 24. Rg1 Rfc8 25. h4 Ng4+ 0-1

[Event "Gyongyos Matra op 25th"]
[Site "Gyongyos"]
[Date "2002.07.23"]
[Round "1"]
[White "Hatos, Krisztian"]
[Black "Toth, Timea"]
[Result "1-0"]
[WhiteElo "2080"]
[BlackElo "2020"]
[PlyCount "152"]
[EventDate "2002.08.04"]
[EventType "swiss"]
[EventRounds "9"]
[EventCountry "HUN"]
[SourceTitle "EXT 2004"]
[Source "ChessBase"]
[SourceDate "2003.11.25"]
[SourceVersion "1"]
[SourceVersionDate "2003.11.25"]
[SourceQuality "1"]

1. d4 d5 2. c4 c6 3. Nc3 Nf6 4. Nf3 e6 5. cxd5 exd5 6. Bg5 Nbd7 7. e3 Bd6 8. Bd3 0-0 9. 0-0 Re8 10. Qc2 Nf8 11. Rab1 Bg4 12. Be2 Ng6 13. h3 Be6 14. Bd3 Be7 15. b4 Nd7 16. Bxe7 Qxe7 17. Rfc1 Nb6 18. b5 Rac8 19. bxc6 bxc6 20. Ba6 Rb8 21. Na4 Nxa4 22. Qxa4 Bd7 23. Qa5 Qd8 24. Qc5 Qc7 25. Bb5 Rbc8 26. Rb3 Qa5 27. Bd3 Qxc5 28. Rxc5 Rc7 29. Bxg6 hxg6 30. Ne5 Rec8 31. Rbc3 Be8 32. f3 f6 33. Nd3 Kf7 34. Nb4 Bd7 35. a3 g5 36. Nxd5 Rb7 37. Nb4 Rb5 38. Kf2 a5 39. Nd3 Rcb8 40. e4 Ke7 41. a4 Rxc5 42. Rxc5 Ra8 43. Nb2 Kd6 44. Nc4+ Kc7 45. d5 Ra6 46. e5 fxe5 47. Nxe5 Be8 48. Nc4 Bf7 49. d6+ Kd7 50. Nxa5 Kxd6 51. Nb7+ Kc7 52. Rf5 Bd5 53. Nc5 Ra5 54. Ne6+ Kd6 55. Nxg7 Rxa4 56. Rxg5 c5 57. Ne8+ Kc6 58. Nf6 Bb3 59. Ne4 c4 60. h4 Bc2 61. h5 Bxe4 62. fxe4 c3 63. h6 c2 64. Rg8 Ra7 65. Rc8+ Rc7 66. Rxc7+ Kxc7 67. h7 c1Q 68. h8Q Qd2+ 69. Kg3 Qe3+ 70. Kh2 Qf4+ 71. Kh3 Qe3+ 72. g3 Qxe4 73. Qg7+ Kb6 74. Qb2+ Kc7 75. Qc1+ Kb6 76. Qh6+ Kc5 1-0

[Event "HUN-ch U16 Girls"]
[Site "Balatonlelle"]
[Date "2001.??.??"]
[Round "4"]
[White "Toth, Timea"]
[Black "Bolvary, Tamara"]
[Result "0-1"]
[WhiteElo "2020"]
[BlackElo "2047"]
[PlyCount "92"]
[EventDate "2001.??.??"]
[EventType "swiss"]
[EventRounds "9"]
[EventCountry "HUN"]
[SourceTitle "EXT 2002"]
[Source "ChessBase"]
[SourceDate "2001.11.25"]
[SourceVersion "1"]
[SourceVersionDate "2001.11.25"]
[SourceQuality "1"]

1. e4 c5 2. Nf3 e6 3. d4 cxd4 4. Nxd4 a6 5. Nc3 Qc7 6. Be2 Nf6 7. 0-0 d6 8. Re1 Be7 9. Be3 Nbd7 10. f4 b5 11. a3 Bb7 12. Bf3 Rc8 13. Nb3 0-0 14. Qd2 Nb6 15. Bxb6 Qxb6+ 16. Qd4 Qc7 17. Kh1 Rfd8 18. Qe3 Nd7 19. Rad1 Nb6 20. Nd2 d5 21. exd5 Nxd5 22. Nxd5 Bxd5 23. c3 Bc5 24. Qe5 Bd6 25. Qh5 Bxf4 26. Ne4 Bxe4 27. Bxe4 g6 28. Qh4 Bd6 29. Bf3 Be7 30. Qe4 Rxd1 31. Rxd1 Rd8 32. Rxd8+ Qxd8 33. Qe2 Qb6 34. g3 Qc5 35. Kg2 e5 36. Qd3 a5 37. Qd2 Kg7 38. Qd5 Qxd5 39. Bxd5 b4 40. axb4 axb4 41. cxb4 Bxb4 42. Kf3 f5 43. h3 Kf6 44. Bc6 e4+ 45. Ke2 Ke5 46. Ba4 g5 0-1